000 00943nam a22002297a 4500
999 _c3788
_d3788
003 AR-CdUCM
008 190307b ||||| |||| 00| 0 spa d
040 _aMUNICIPALIDAD PROVINCIAL DEL CUSCO
_cBIBLIOTECA MUNICIPAL DEL CUSCO
082 _a335.42 /
_bB24
100 _aBasmanov, M
_912224
245 _aLa esencia antirrevolucionaria del troskismo contemporáneo /
260 _aMoscu :
_bEditoria Progreso,
_c1973.
300 _a221páginas ;
_c21 cm.
440 _aTeoría y critica
_912225
505 _aContenido : Como los troskistas luchaban permanentemente contra la revolución -- Como se amalgama la IV internacional -- Concepciones troskistas modernas palabras y hechos -- Procedimientos y métodos de la labor subversiva...
650 _aTroskismo.
_912226
650 _aPensamiento socialista.
_910533
650 _aRevoluciones.
_9627
650 _aLucha de clases.
_94818
942 _2ddc
_cLIBROS
945 _awfj
_d2019-03-07